000 01194cam a2200301 a 4500
003 EG-GiCUC
008 130620s2004 ua a g 000 0 ara d
017 _a2004 / 2375
_bمصر. دار الكتب.
020 _a977345617X
040 _aEG-GiCUC
_bara
_cEG-GiCUC
041 1 _aara
_heng
092 0 4 _a004.678
_bB3292
_221
099 _a04
_a004.678 B3292
100 1 _aبيتس: كريس
_q(كريس د.)
245 1 0 _aلغات برمجة الويب :
_bانشاء تطبيقات الانترنت = Web programming : building internet applications /
_cتأليف كريس بيتس ؛ الترجمة باعتماد خالد العامرى
246 2 1 _aWeb programming : building internet applications
250 _aالطبعة العربية الاولى.
260 _aالقاهرة :
_bدار الفاروق :
_c2004
300 _a728 ص. :
_b؛إيض
_c24سم.
650 4 _aالانترنت.
650 4 _aمواقع الويب
_xتصميم
700 1 _aالعامرى: خالد.
902 _a2
905 _aاميرة
_eمدخل
905 _aجيهان
_eمراجع
942 _2ddc
_cBK
999 _c129585
_d129585